书目信息 |
| 题名: |
中药材病虫害防治技术
|
|
| 作者: | 陈康 , 谭毅 主编 | |
| 分册: | ||
| 出版信息: | 北京 中国医药科技出版社 2006.01 |
|
| 页数: | 247页 | |
| 开本: | 20cm | |
| 丛书名: | 中药材GAP系列丛书 | |
| 单 册: | ||
| 中图分类: | S435.67 | |
| 科图分类: | ||
| 主题词: | 药用作物--病虫害防治 | |
| 电子资源: | ||
| ISBN: | 978-7-5067-3284-0 | |
| 000 | 00710nam0 2200229 450 | |
| 001 | 0854424288 | |
| 005 | 20081222092902.73 | |
| 010 | @a978-7-5067-3284-0@dCNY16.00 | |
| 100 | @a20081219d2006 km y0chiy0120 ea | |
| 101 | 0 | @achi |
| 102 | @aCN@b110000 | |
| 200 | 1 | @a中药材病虫害防治技术@Azhong yao cai bing chong hai fang zhi ji shu@f陈康,谭毅主编@Fchen kang,tan yi zhu bian |
| 210 | @a北京@c中国医药科技出版社@d2006.01 | |
| 215 | @a247页@d20cm | |
| 225 | 2 | @a中药材GAP系列丛书 |
| 410 | 0 | @12001 @a中药材GAP系列丛书 |
| 606 | 0 | @a药用作物@x病虫害防治 |
| 690 | @aS435.67@v4 | |
| 701 | 0 | @a陈康@Achen kang@4主编 |
| 701 | 0 | @a谭毅@Atan yi@4主编 |
| 801 | 0 | @aCN@bNISOFT@c20081222 |
| 905 | @aBZT@dS435.67@e1@f5 | |
| 中药材病虫害防治技术/陈康,谭毅主编.-北京:中国医药科技出版社,2006.01 |
| 247页;20cm.-(中药材GAP系列丛书) |
| ISBN 978-7-5067-3284-0:CNY16.00 |
| ● |
| 相关链接 |
|
|
|
正题名:中药材病虫害防治技术
索取号:S435.67/1
 
预约/预借
| 序号 | 登录号 | 条形码 | 馆藏地/架位号 | 状态 | 备注 |
| 1 | 0692632 | 2000692632 | 样本书库/样002架B面3层2列/ [索取号:S435.67/1] | 在馆 | |
| 2 | 0692633 | 2000692633 | 中心书库中库/ 中库033架A面1列6层57/ [索取号:S435.67/1] | 在馆 | |
| 3 | 0692634 | 2000692634 | 中心书库中库/ 中库033架A面1列6层56/ [索取号:S435.67/1] | 在馆 | |
| 4 | 0692635 | 2000692635 | 中心书库中库/ 中库033架A面1列6层58/ [索取号:S435.67/1] | 在馆 | |
| 5 | 0692636 | 2000692636 | 中心书库中库/ 中库033架A面1列6层55/ [索取号:S435.67/1] | 在馆 |